000 00322nam a22001457a 4500
008 211013b ||||| |||| 00| 0 eng d
020 _a0898627435
041 _aeng
080 _a159.9
082 _a159.9
100 _a49
101 _aPSI
245 _aTreatment of Childhood Disorders
_cMash,E.J
942 _2udc
_cBK
999 _c58219
_d58219